000 00893nam a2200253Ia 4500
003 OSt
005 20220923211202.0
006 a|||||r|||| 00| 0
007 ta
008 220922b |||||||| |||| 00| 0 hin d
020 _a8188858366 (hbk)
_c175
024 _a239,307
037 _b455, 21/03/2009, Vani Prakashan
_cTextual
040 _aARTS
_cARTS
_bhin
041 _2hin
_ahin
082 _aO152:g(R3), P6
100 _aनन्दकिशोर आचार्य
_9159281
245 0 _aसाहित्य का अध्यात्म
246 _aSāhitya kā adhyātma
260 _aबीकानेर
_b सूर्य प्रकाशन मन्दिर
_c2006
300 _a160पृ.
_ccm.
942 _hO152:g(R3), P6
_cTEXL
_2CC
999 _c296489
_d296489